000 00457nam a2200217Ia 4500
003 IT-RoPAU
008 120407s9999 xx 000 0 und d
040 _aIT-RoPAU
040 _cIT-RoPAU
041 _aita
100 _aRaimondo Spiazzi
245 _aIl cristianesimo religione soprannaturale
250 _aRoma
260 _aEdizioni Paoline
260 _c1963
300 _c cm
490 _aBcr
490 _v35
942 _cBK
999 _c178
_d178